Desarrollo humano: fronteras y alternativas

Guardat en:
Dades bibliogràfiques
Autor principal: Serrano López, Augusto
Format: Text
Publicat: Ediciones Subirana :
Matèries:
Etiquetes: Afegir etiqueta
Sense etiquetes, Sigues el primer a etiquetar aquest registre!

MARC

LEADER 00000 a a2200000 04500
001 28589
003
040
090 |a 189100  
100 |a Serrano López, Augusto  
245 |a Desarrollo humano: fronteras y alternativas  
260 |a Ediciones Subirana :  
300 |a 217 p  
300 |b **no definido**  
650 |a DESARROLLO HUMANO  
650 |a FRONTERAS  
650 |a HONDURAS  
999 |c 10422  |d 10422